Sports Quiz

Random Sports or NCAA Quiz

Same Logo Different Team Quiz Stats

Quiz not verified by Sporcle

Challenge
Share
Tweet
Score 0/15 Timer 02:00
0 Plays Today
% Correct
Green Bay Packers
97.5%
Boston Red Sox
93.5%
Chicago Bears
90.8%
Cincinnati Reds
89.5%
Georgia Bulldogs
74.9%
Stanford Cardinal
68.4%
Michigan St. Spartans
62.4%
Syracuse Orange
51.7%
% Correct
Grambling St. Tigers
51.2%
UCLA Bruins
25.2%
North Carolina St. Wolfpack
23.9%
Minnesota Twins
16.1%
Butler Bulldogs
8.9%
USC Trojans
6.7%
Creighton Jays
2.1%

You're not logged in!

Compare scores with friends on all Sporcle quizzes.
Sign Up with Email
OR
Log In

You Might Also Like...

Show Comments

Extras

Top Quizzes Today


Score Distribution

Your Account Isn't Verified!

In order to create a playlist on Sporcle, you need to verify the email address you used during registration. Go to your Sporcle Settings to finish the process.